<?xml version="1.0" encoding="UTF-8"?>
<record
    xmlns:xsi="http://www.w3.org/2001/XMLSchema-instance"
    xsi:schemaLocation="http://www.loc.gov/MARC21/slim http://www.loc.gov/standards/marcxml/schema/MARC21slim.xsd"
    xmlns="http://www.loc.gov/MARC21/slim">

  <leader>00697nam a22002177a 4500</leader>
  <datafield tag="952" ind1=" " ind2=" ">
    <subfield code="a">0001</subfield>
    <subfield code="b">0001</subfield>
    <subfield code="d">2021-06-09</subfield>
    <subfield code="l">0</subfield>
    <subfield code="o">305.4 T96 2017</subfield>
    <subfield code="p">019882</subfield>
    <subfield code="r">2021-06-09 00:00:00</subfield>
    <subfield code="t">c.1</subfield>
    <subfield code="w">2021-06-09</subfield>
    <subfield code="y">BKS</subfield>
  </datafield>
  <datafield tag="952" ind1=" " ind2=" ">
    <subfield code="a">0001</subfield>
    <subfield code="b">0001</subfield>
    <subfield code="d">2021-06-09</subfield>
    <subfield code="l">0</subfield>
    <subfield code="o">305.4 T96 2017</subfield>
    <subfield code="p">019883</subfield>
    <subfield code="r">2021-06-09 00:00:00</subfield>
    <subfield code="t">c.2</subfield>
    <subfield code="w">2021-06-09</subfield>
    <subfield code="y">BKS</subfield>
  </datafield>
  <datafield tag="952" ind1=" " ind2=" ">
    <subfield code="a">0001</subfield>
    <subfield code="b">0001</subfield>
    <subfield code="d">2021-06-09</subfield>
    <subfield code="l">0</subfield>
    <subfield code="o">305.4 T96 2017</subfield>
    <subfield code="p">019884</subfield>
    <subfield code="r">2021-06-09 00:00:00</subfield>
    <subfield code="t">c.3</subfield>
    <subfield code="w">2021-06-09</subfield>
    <subfield code="y">BKS</subfield>
  </datafield>
  <datafield tag="952" ind1=" " ind2=" ">
    <subfield code="a">0001</subfield>
    <subfield code="b">0001</subfield>
    <subfield code="d">2021-06-09</subfield>
    <subfield code="l">0</subfield>
    <subfield code="o">305.4 T96 2017</subfield>
    <subfield code="p">019885</subfield>
    <subfield code="r">2021-06-09 00:00:00</subfield>
    <subfield code="t">c.4</subfield>
    <subfield code="w">2021-06-09</subfield>
    <subfield code="y">BKS</subfield>
  </datafield>
  <datafield tag="952" ind1=" " ind2=" ">
    <subfield code="a">0001</subfield>
    <subfield code="b">0001</subfield>
    <subfield code="d">2021-06-09</subfield>
    <subfield code="l">0</subfield>
    <subfield code="o">305.4 T96 2017</subfield>
    <subfield code="p">019886</subfield>
    <subfield code="r">2021-06-09 00:00:00</subfield>
    <subfield code="t">c.5</subfield>
    <subfield code="w">2021-06-09</subfield>
    <subfield code="y">BKS</subfield>
  </datafield>
  <datafield tag="999" ind1=" " ind2=" ">
    <subfield code="c">14399</subfield>
    <subfield code="d">14399</subfield>
  </datafield>
  <controlfield tag="003">MIRAKIL</controlfield>
  <controlfield tag="005">20210609132221.0</controlfield>
  <controlfield tag="008">210609b        tu ||||| |||| 00| 0 tur d</controlfield>
  <datafield tag="040" ind1=" " ind2=" ">
    <subfield code="a">TR-AnCHP</subfield>
    <subfield code="b">tur</subfield>
    <subfield code="c">TR-AnCHP</subfield>
  </datafield>
  <datafield tag="041" ind1=" " ind2=" ">
    <subfield code="a">tur</subfield>
  </datafield>
  <datafield tag="082" ind1=" " ind2=" ">
    <subfield code="a">CHP 305.4</subfield>
    <subfield code="b">T96 2017</subfield>
  </datafield>
  <datafield tag="245" ind1=" " ind2=" ">
    <subfield code="a">T&#xFC;rkiye'de kad&#x131;n  /</subfield>
    <subfield code="c">Kaynak&#xE7;a derleyicisi Suzan &#x15E;ahin.</subfield>
  </datafield>
  <datafield tag="260" ind1=" " ind2=" ">
    <subfield code="a">Ankara:</subfield>
    <subfield code="b">CHP,</subfield>
    <subfield code="c">2017</subfield>
  </datafield>
  <datafield tag="300" ind1=" " ind2=" ">
    <subfield code="a"> C.:</subfield>
    <subfield code="c">30 sm.</subfield>
  </datafield>
  <datafield tag="500" ind1=" " ind2=" ">
    <subfield code="a">Kad&#x131;nlarla ilgili &#xE7;e&#x15F;itli makaleler derlenmi&#x15F;tir.</subfield>
  </datafield>
  <datafield tag="650" ind1=" " ind2=" ">
    <subfield code="a">Kad&#x131;n haklar&#x131;</subfield>
    <subfield code="z">T&#xFC;rkiye</subfield>
  </datafield>
  <datafield tag="650" ind1=" " ind2=" ">
    <subfield code="a">Kad&#x131;nlar</subfield>
    <subfield code="x">Hukuksal durum, yasalar vb.</subfield>
    <subfield code="y">makaleler</subfield>
    <subfield code="z">T&#xFC;rkiye</subfield>
  </datafield>
  <datafield tag="650" ind1=" " ind2=" ">
    <subfield code="a">Kad&#x131;nlar</subfield>
    <subfield code="x">Sosyo ekonomik durum</subfield>
    <subfield code="x">makaleler</subfield>
    <subfield code="z">T&#xFC;rkiye</subfield>
  </datafield>
  <datafield tag="942" ind1=" " ind2=" ">
    <subfield code="2">ddc</subfield>
    <subfield code="c">BKS</subfield>
  </datafield>
  <datafield tag="999" ind1=" " ind2=" ">
    <subfield code="d">14399</subfield>
  </datafield>
</record>
